| 000 | 01376cam a2200385 a 4500 | ||
|---|---|---|---|
| 999 |
_c7048 _d7048 |
||
| 001 | 1145338 | ||
| 003 | OSt | ||
| 005 | 20210830152254.0 | ||
| 008 | 951013s1996 nyuac b 001 0 eng | ||
| 010 | _a 95045151 | ||
| 020 | _a9780879694777 (cloth : alk. paper) | ||
| 020 | _a0879694777 (cloth : alk. paper) | ||
| 020 | _a9780879694784 (pbk. : alk. paper) | ||
| 020 | _a0879694785 (pbk. : alk. paper) | ||
| 040 |
_aDLC _cDDC _dCOU |
||
| 041 | 0 | _aeng | |
| 042 | _anlmcopyc | ||
| 050 | 0 | 0 |
_aQH506 _b.J83 1996 |
| 060 | 0 | 0 |
_aQU 11.1 _bJ93e 1996 |
| 082 | 0 | 0 | _a572.8JUD1996 |
| 100 | 1 |
_aJudson, Horace Freeland. _914497 |
|
| 245 | 1 | 4 |
_aThe eighth day of creation : _bmakers of the revolution in biology / _cHorace Freeland Judson. |
| 250 | _aExpanded ed. | ||
| 260 |
_aPlainview, N.Y. : _bCSHL Press, _c1996. |
||
| 300 |
_axxii, 714 p. : _bill., ports. ; _c26 cm. |
||
| 336 |
_atext _btxt _2rdacontent |
||
| 337 |
_aunmediated _bn _2rdamedia |
||
| 338 |
_avolume _bnc _2rdacarrier |
||
| 504 | _aIncludes,bibliographical references and index. | ||
| 650 | 1 | 2 |
_aDNA _xhistory _0https://id.nlm.nih.gov/mesh/D004247Q000266 _914498 |
| 650 | 2 | 2 |
_aBiology _xhistory _0https://id.nlm.nih.gov/mesh/D012313Q000266 _914500 |
| 650 | 2 | 2 |
_aMolecular Biology _xhistory _0https://id.nlm.nih.gov/mesh/D008967Q000266 _914503 |
| 942 |
_2ddc _cO_SHELF |
||